000 00920nas a2200277 4500
001 BR0400179
003 BR-BrBNA
005 20231205104256.0
007 ta
008 230509b bl.|||p| |||| 00| 00por d
040 _aBR-BrBNA
_bpor
_cBiblioteca Nacional de Agricultura
041 _a(Pt)
072 _aL10; L53
100 1 _aMoura, M.T.
100 1 _aMarques, M.O.
100 1 _aBaruselli, P.S.
245 1 _aEfeito do benzoato de estradiol na sincronização com Crestar e eCG para inseminação artificial em tempo fixo em vacas de corte lactantes
650 _aGADO DE CORTE
650 _aINSEMINAÇÃO ARTIFICIAL
650 _aESTRADIOL
650 _aPRENHEZ
650 _aSINCRONIZAÇÃO DO CIO
773 0 _tRevista Brasileira de Reprodução Animal (Brazil)
_xISSN 0102-0803
_g(Jul-Sep 2003), v. 27(3) p. 432-434
_wBR0400179
909 _a202311
_bLúcia
_c55
_dLúcia Elande
942 _2AGRIS
_n0
_cANA
999 _c177312
_d177312